| 000 | 00655nam a2200241Ia 4500 | ||
|---|---|---|---|
| 999 |
_c2694 _d2694 |
||
| 007 | ta | ||
| 008 | 230328t2006||||ii a ||gd|||||||1 ||eng|| | ||
| 020 |
_a9788131703069 _cRs. 1025.00 |
||
| 040 |
_aKO _beng |
||
| 041 | 0 | _aeng | |
| 044 | _aii | ||
| 082 | 0 | 4 |
_223 _a006.3 _bC382 |
| 100 | 1 | _aCharniak, Eugene | |
| 245 | 1 | 0 |
_aIntroduction to artificial intelligence / _cEugene Charniak and Drew McDermott |
| 260 |
_aNoida: _bPerason Education , _c2006 |
||
| 300 |
_axvii, 701 p. : _bill. ; _c24 cm. |
||
| 650 | 0 | _aArtificial Intelligence | |
| 650 | 0 | _aComputer Science | |
| 700 |
_aMcDermott, Drew _eaut |
||
| 904 | _aA_BOSE | ||
| 942 | _cBK | ||